|
|
|
|
| LEADER |
00000cam a2200000 7i4500 |
| 001 |
0000045859 |
| 005 |
20151222.0 |
| 008 |
150218 |
| 020 |
|
|
|a 9789673641581
|
| 090 |
0 |
0 |
|a JF
|b FT MAL
|
| 100 |
0 |
|
|a Mohd Azrul Amin
|
| 245 |
1 |
0 |
|a 365 kisah dunia pari-pari
|c Mohd Azrul Amin
|
| 260 |
|
|
|a Kuala Lumpur :
|b Edukid Dis. Sdn. Bhd ,
|c 2014
|
| 440 |
|
|
|a Siri kisah al-quran dan teladan rasul
|
| 500 |
|
|
|a Children ages 7-9 years old (orange)
|
| 650 |
|
0 |
|a Fantasy fiction, Malay
|
| 999 |
|
|
|a 0001324620
|b Book
|c Children Collection
|e Cawangan Kota Tinggi
|
| 999 |
|
|
|a 0001324621
|b Book
|c Children Collection
|e Cawangan Tmn. Ungku Tun Aminah
|
| 999 |
|
|
|a 0001324623
|b Book
|c Children Collection
|e Cawangan Pontian
|
| 999 |
|
|
|a 0001324624
|b Book
|c Children Collection
|e Cawangan Mersing
|
| 999 |
|
|
|a 0001324625
|b Book
|c Children Collection
|e Cawangan Bukit Gambir
|
| 999 |
|
|
|a 0001324626
|b Book
|c Children Collection
|e Cawangan Segamat
|
| 999 |
|
|
|a 0001324627
|b Book
|c Adult Collection
|e Cawangan Batu Pahat
|
| 999 |
|
|
|a 0001324628
|b Book
|c Children Collection
|e Cawangan Taman Universiti
|
| 999 |
|
|
|a 0001324629
|b Book
|c Children Collection
|e Cawangan Taman Sri Lambak
|
| 999 |
|
|
|a 0001324630
|b Book
|c Adult Collection
|e Cawangan Muar
|
| 999 |
|
|
|a 0001324631
|b Book
|c Children Collection
|e Cawangan Tangkak
|
| 999 |
|
|
|a 0001324632
|b Book
|c Children Collection
|e Cawangan Bandar Penawar
|
| 999 |
|
|
|a 0001324633
|b Book
|c Children Collection
|e Cawangan Sri Merlong
|
| 999 |
|
|
|a 0001450673
|b Book
|c Children Collection
|e Cawangan Taman Universiti
|
| 999 |
|
|
|a 0001450674
|b Book
|c Children Collection
|e Cawangan Taman Universiti
|
| 999 |
|
|
|a 0001450675
|b Book
|c Children Collection
|e Cawangan Taman Universiti
|
| 999 |
|
|
|a 0001450676
|b Book
|c Children Collection
|e Cawangan Taman Universiti
|
| 999 |
|
|
|a 0001450677
|b Book
|c Children Collection
|e Cawangan Batu Pahat
|
| 999 |
|
|
|a 0001450678
|b Book
|c Children Collection
|e Cawangan Kota Tinggi
|
| 999 |
|
|
|a 0001450679
|b Book
|c Children Collection
|e Cawangan Mersing
|
| 999 |
|
|
|a 0001450680
|b Book
|c Children Collection
|e Cawangan Bandar Penawar
|
| 999 |
|
|
|a 0001450681
|b Book
|c Teenagers
|e Cawangan Bandar Tenggara
|
| 999 |
|
|
|a 0001450682
|b Book
|c Children Collection
|e Cawangan Sri Merlong
|
| 999 |
|
|
|a 0001450683
|b Book
|c Children Collection
|e Cawangan Bukit Gambir
|
| 999 |
|
|
|a 0001450684
|b Book
|c Children Collection
|e Cawangan Tangkak
|
| 999 |
|
|
|a 0001450685
|b Book
|c Children Collection
|e Cawangan Tmn. Ungku Tun Aminah
|
| 999 |
|
|
|a 0001450686
|b Book
|c Children Collection
|e Cawangan Muar
|
| 999 |
|
|
|a 0001450687
|b Book
|c Children Collection
|e Cawangan Taman Sri Lambak
|
| 999 |
|
|
|a 0001450688
|b Book
|c Children Collection
|e Cawangan Segamat
|
| 999 |
|
|
|a 0001450689
|b Book
|c Children Collection
|e Cawangan Pontian
|
| 999 |
|
|
|a 0001453662
|b Book
|c Children Collection
|e Perbadanan Perpustakaan Awam Johor
|
| 999 |
|
|
|a 0001453663
|b Book
|c Children Collection
|e Cawangan Bukit Gambir
|
| 999 |
|
|
|a 0001453664
|b Book
|c Children Collection
|e Cawangan AEON Kulaijaya
|
| 999 |
|
|
|a 0001453665
|b Book
|c Children Collection
|e Cawangan Urban Transformation Centre
|
| 999 |
|
|
|a 1324630
|b Book
|c Children Collection
|e Cawangan Muar
|